[Rezension von: James J. Sheehan, Geschichte der deutschen Kunstmuseen]

Gespeichert in:
Bibliographische Detailangaben
Veröffentlicht in:Kunstform 4(2003), 2
VerfasserIn: Welzbacher, Christian (VerfasserIn)
Dokumenttyp: Online-Ressource Aufsatz
Sprache:German
Veröffentlicht: 2003
Schlagwörter:
Online Zugang:kostenfrei
Bibliogr. Hinweis:Enthalten in: Kunstform
Rezension von: Geschichte der deutschen Kunstmuseen
Verantwortlich:rezensiert von Christian Welzbacher
LEADER 01720caa a2200349 c 4500
001 1920616055
003 DE-627
005 20260419042237.0
007 cr uuu---uuuuu
008 250326s2003 xx |||||oo 00| ||ger c
035 |a (DE-627)1920616055 
035 |a (DE-599)KXP1920616055 
035 |a (OCoLC)1533748286 
040 |a DE-627  |b ger  |c DE-627  |e rda 
041 |a ger 
084 |a KUNST  |q DE-16  |2 fid 
100 1 |a Welzbacher, Christian  |d 1970-  |e VerfasserIn  |0 (DE-588)130364908  |0 (DE-627)500422745  |0 (DE-576)298151944  |4 aut 
245 1 0 |a [Rezension von: James J. Sheehan, Geschichte der deutschen Kunstmuseen]  |c rezensiert von Christian Welzbacher 
264 1 |c 2003 
300 |b Illustrationen 
336 |a Text  |b txt  |2 rdacontent 
337 |a Computermedien  |b c  |2 rdamedia 
338 |a Online-Ressource  |b cr  |2 rdacarrier 
655 7 |a Rezension  |0 (DE-588)4049712-4  |0 (DE-627)106186019  |0 (DE-576)209083166  |2 gnd-content 
773 0 8 |i Enthalten in  |t Kunstform  |d München : Ludwig-Maximilians-Universität München, Institut für Kunstgeschichte, 2000  |g 4(2003), 2  |h Online-Ressource  |w (DE-627)382929004  |w (DE-600)2140180-9  |w (DE-576)281244731  |x 1618-7199  |7 nnas 
773 1 8 |g volume:4  |g year:2003  |g number:2 
787 0 8 |i Rezension von  |a Sheehan, James J., 1937 -   |t Geschichte der deutschen Kunstmuseen  |d München : Beck, 2002  |h 368 Seiten  |w (DE-627)350511942  |w (DE-576)100310621  |z 3406495117 
856 4 0 |u https://www.arthistoricum.net/kunstform/rezension/ausgabe/2003/2/3041  |x Verlag  |z kostenfrei  |3 Volltext  |7 0 
951 |a AR 
994 |u https://www.arthistoricum.net/themen/rezensionen/kunstform/rezension/ausgabe/2003/2/3041 
991 |a Rezension (Monographie, Zeitschrift, Aufsatz) 
999 |a KXP-PPN1920616055  |e 4955612237